[Event "DEM U10/U10w 2008"]
[Site "Willingen GER"]
[Date "2008.05.13"]
[Round "5"]
[White "Nobis, Anna"]
[Black "Riehle, Marco"]
[Result "0-1"]
[Termination "normal"]
[Board "25"]
[WhiteElo "1189"]
[BlackElo "1000"]
[PlyCount "102"]
[WhiteFideId "1270302"]
[BlackFideId "12904392"]
[EventCountry "GER"]
[EventRounds "11"]
[EventType "swiss"]
[EventDate "2008.05.10"]

1. e4 e5 2. Nf3 Nc6 3. Bc4 Bc5 4. c3 Nf6 5. d4 exd4 6. cxd4 Bb4+ 7. Nc3 Nxe4 8.
O-O Bxc3 9. bxc3 d5 10. Re1 O-O 11. Ba3 Re8 12. Bb3 Nxc3 13. Qd3 Ne4 14. Qb5
Be6 15. Qxb7 Na5 16. Qb5 c6 17. Qb4 Rb8 18. Qa4 Nc3 19. Qb4 Rxb4 20. Bxb4 Nxb3
21. Bxc3 Nxa1 22. Bxa1 Qa5 23. Re2 Bd7 24. Rxe8+ Bxe8 25. h3 Qxa2 26. Bc3 Qb3
27. Bd2 c5 28. dxc5 d4 29. Kh2 d3 30. g4 Bc6 31. Nd4 Qd1 32. Nxc6 Qxd2 33. Kg2
Qc3 34. Ne7+ Kf8 35. Nd5 Qxc5 36. Ne3 Qxe3 37. fxe3 d2 38. Kf3 d1=Q+ 39. Ke4
Ke7 40. Ke5 Qa4 41. g5 f6+ 42. gxf6+ gxf6+ 43. Kd5 Qb4 44. e4 a5 45. h4 a4 46.
e5 a3 47. exf6+ Kxf6 48. h5 a2 49. h6 a1=Q 50. Kc6 Qa7 51. Kd5 Qac5# 0-1

[Event "DEM U10/U10w 2008"]
[Site "Willingen GER"]
[Date "2008.05.13"]
[Round "5"]
[White "Weis, Olga"]
[Black "Baskin, Robert"]
[Result "0-1"]
[Termination "normal"]
[Board "26"]
[WhiteElo "1027"]
[BlackElo "1186"]
[PlyCount "76"]
[WhiteFideId "1270234"]
[BlackFideId "24662402"]
[EventCountry "GER"]
[EventRounds "11"]
[EventType "swiss"]
[EventDate "2008.05.10"]

1. e4 e6 2. d4 d5 3. exd5 exd5 4. Nf3 Bd6 5. Be2 Ne7 6. O-O O-O 7. Nc3 c6 8.
Bd2 Bf5 9. Nh4 Be6 10. Bg4 Nd7 11. Bxe6 fxe6 12. Qg4 Nf5 13. Ne2 Qxh4 14. Qxh4
Nxh4 15. Bg5 Ng6 16. g3 e5 17. c3 b6 18. Be3 e4 19. b3 Nf6 20. h3 Nh5 21. c4
Rf3 22. Nc3 Ne7 23. Rab1 Nxg3 24. fxg3 Rxe3 25. Nd1 Rxg3+ 26. Kh2 Rxb3+ 27. Kg1
Rxb1 28. c5 Bc7 29. Kf2 Ra1 30. Ne3 Rf8+ 31. Kg1 Rfxf1+ 32. Nxf1 Bh2+ 33. Kg2
Rxa2+ 34. Kh1 Bf4 35. Kg1 Nf5 36. Kh1 e3 37. Nxe3 Bxe3 38. h4 Ng3# 0-1

[Event "DEM U10/U10w 2008"]
[Site "Willingen GER"]
[Date "2008.05.13"]
[Round "5"]
[White "Brandl, Lea Maria"]
[Black "Titgemeyer, Eva Maria"]
[Result "1/2-1/2"]
[Termination "normal"]
[Board "27"]
[WhiteElo "972"]
[BlackElo "1180"]
[PlyCount "38"]
[WhiteFideId "24693049"]
[BlackFideId "24655350"]
[EventCountry "GER"]
[EventRounds "11"]
[EventType "swiss"]
[EventDate "2008.05.10"]

1. d4 d5 2. c4 e6 3. Nc3 Nf6 4. Nf3 Nbd7 5. Bg5 c6 6. e3 Qa5 7. Be2 Bb4 8. Nd2
O-O 9. O-O dxc4 10. Bxf6 Nxf6 11. Nxc4 Qg5 12. Ne5 Nd7 13. Nxd7 Bxd7 14. Ne4
Qg6 15. Nc5 Bc8 16. Bd3 Qg5 17. Ne4 Qe7 18. Qh5 f5 19. Ng5 h6 1/2-1/2

[Event "DEM U10/U10w 2008"]
[Site "Willingen GER"]
[Date "2008.05.13"]
[Round "5"]
[White "Reksten, Lisa"]
[Black "Altstadt, Karl-Simon"]
[Result "1-0"]
[Termination "normal"]
[Board "28"]
[WhiteElo "936"]
[BlackElo "1177"]
[PlyCount "101"]
[BlackFideId "24696676"]
[EventCountry "GER"]
[EventRounds "11"]
[EventType "swiss"]
[EventDate "2008.05.10"]

1. e4 e5 2. Nf3 Nc6 3. Nc3 Nf6 4. Bb5 d6 5. d3 Bg4 6. Bg5 Be7 7. h3 Bh5 8. O-O
O-O 9. Bxc6 bxc6 10. Bxf6 Bxf6 11. Qe2 d5 12. Rad1 Rb8 13. b3 Qd6 14. Rd2 d4
15. Na4 Ra8 16. c3 c5 17. cxd4 cxd4 18. Nb2 Rab8 19. Nc4 Qe7 20. Rc2 Bg5 21.
Ncxe5 Qd6 22. Qe1 Bf4 23. Ng4 Rbe8 24. Rc4 Qg6 25. Rxd4 Bxg4 26. hxg4 Qxg4 27.
Qe2 Re6 28. e5 Bxe5 29. Rxg4 Bh2+ 30. Nxh2 Rxe2 31. Ra4 Ra8 32. Rc1 Rd2 33.
Rxc7 Rxd3 34. Raxa7 Rf8 35. b4 Rd5 36. a4 Rh5 37. b5 Rb8 38. Rcb7 Re8 39. b6 g5
40. Rxf7 g4 41. Rg7+ Kh8 42. Rxg4 Rh6 43. b7 Rb6 44. Rf4 Rd8 45. Rf7 Rb8 46. f4
Rb1+ 47. Nf1 Kg8 48. Re7 h5 49. f5 Kf8 50. Rh7 h4 51. Rh8+ 1-0

[Event "DEM U10/U10w 2008"]
[Site "Willingen GER"]
[Date "2008.05.13"]
[Round "5"]
[White "Gerken, Frieso"]
[Black "Schmid, Floyd"]
[Result "0-1"]
[Termination "normal"]
[Board "29"]
[WhiteElo "878"]
[BlackElo "1156"]
[PlyCount "108"]
[WhiteFideId "1270505"]
[BlackFideId "24686069"]
[EventCountry "GER"]
[EventRounds "11"]
[EventType "swiss"]
[EventDate "2008.05.10"]

1. e4 c5 2. Nc3 d6 3. g3 Nc6 4. Bg2 Nf6 5. d3 h6 6. f4 e6 7. Nf3 Qc7 8. O-O Be7
9. Be3 O-O 10. h3 b6 11. g4 d5 12. Bd2 Ba6 13. Qe1 d4 14. Ne2 e5 15. Qg3 Nxe4
16. dxe4 Bxe2 17. Rfe1 Bxf3 18. Bxf3 f6 19. Kf2 Qd8 20. Rh1 f5 21. h4 fxg4 22.
Qxg4 exf4 23. Bxf4 h5 24. Qg3 Qe8 25. Rhg1 Qf7 26. Rg2 Kh8 27. Bxh5 Qxf4+ 28.
Qxf4 Rxf4+ 29. Ke2 Rxe4+ 30. Kd2 Re6 31. Rag1 Bf6 32. Bf7 Rd6 33. h5 Ne5 34.
Bb3 Nf3+ 35. Kd3 Nxg1 36. Rxg1 b5 37. Ke4 c4 38. Bxc4 bxc4 39. Rh1 Bg5 40. Ke5
Rad8 41. Rg1 Bh6 42. Rd1 d3 43. cxd3 cxd3 44. Ke4 d2 45. b4 Rc6 46. Kf3 Rc1 47.
Ke2 Rxd1 48. Kxd1 Rb8 49. a3 Rc8 50. a4 Rc1+ 51. Ke2 d1=Q+ 52. Kf2 Qd3 53. Kg2
Rc2+ 54. Kg1 Qd1# 0-1

[Event "DEM U10/U10w 2008"]
[Site "Willingen GER"]
[Date "2008.05.13"]
[Round "5"]
[White "Kempe, Anne"]
[Black "Hamacher, Emily"]
[Result "0-1"]
[Termination "normal"]
[Board "30"]
[WhiteElo "1103"]
[BlackElo "847"]
[PlyCount "24"]
[WhiteFideId "12918083"]
[EventCountry "GER"]
[EventRounds "11"]
[EventType "swiss"]
[EventDate "2008.05.10"]

1. e4 e5 2. Nf3 Nc6 3. Bc4 Nf6 4. Ng5 Nxe4 5. Nxf7 Qh4 6. g3 Nxg3 7. fxg3 Qe4+
8. Kf2 Bc5+ 9. Kf1 Qxh1+ 10. Ke2 Qe4+ 11. Kf1 d5 12. Nxh8 Bh3# 0-1

[Event "DEM U10/U10w 2008"]
[Site "Willingen GER"]
[Date "2008.05.13"]
[Round "5"]
[White "Hümmecke, Sarah"]
[Black "Schmekel, Florian"]
[Result "0-1"]
[Termination "normal"]
[Board "31"]
[WhiteElo "997"]
[BlackElo "1182"]
[PlyCount "72"]
[BlackFideId "12913456"]
[EventCountry "GER"]
[EventRounds "11"]
[EventType "swiss"]
[EventDate "2008.05.10"]

1. e4 e5 2. Nf3 Nc6 3. Bb5 d6 4. Nc3 Nf6 5. O-O Be7 6. d3 O-O 7. Bd2 Bg4 8. h3
Bxf3 9. Qxf3 Nd4 10. Qg3 Nxc2 11. Rac1 Nd4 12. Bh6 Ne6 13. Bc4 Ne8 14. Rfe1 Kh8
15. Be3 Nf6 16. Bxe6 fxe6 17. Bd2 Rf7 18. b3 Qf8 19. a4 c6 20. Rb1 Nd7 21. f3
Qd8 22. f4 Bh4 23. Qg4 Bxe1 24. Rxe1 Qb6+ 25. Be3 Qxb3 26. Rc1 exf4 27. Bf2 Ne5
28. Qd1 Qxd1+ 29. Rxd1 f3 30. g4 d5 31. a5 b6 32. axb6 axb6 33. d4 Nc4 34. e5
Rfa7 35. Rd3 Ra1+ 36. Kh2 b5 0-1

[Event "DEM U10/U10w 2008"]
[Site "Willingen GER"]
[Date "2008.05.13"]
[Round "5"]
[White "Heinemann, Josefine"]
[Black "Schnepper, Pauline"]
[Result "0-1"]
[Termination "normal"]
[Board "32"]
[WhiteElo "941"]
[BlackElo "1145"]
[PlyCount "34"]
[WhiteFideId "12900460"]
[BlackFideId "12918040"]
[EventCountry "GER"]
[EventRounds "11"]
[EventType "swiss"]
[EventDate "2008.05.10"]

1. e4 e5 2. Nf3 Nc6 3. d4 exd4 4. Nxd4 Qh4 5. Nc3 Bb4 6. Qd3 Nf6 7. g3 Qxe4+ 8.
Qxe4+ Nxe4 9. Bd2 Nxd2 10. Kxd2 O-O 11. Nf3 d5 12. a3 Ba5 13. b4 Bb6 14. Ke1
Re8+ 15. Be2 Nd4 16. Rc1 Nxf3+ 17. Kf1 Bh3# 0-1

[Event "DEM U10/U10w 2008"]
[Site "Willingen GER"]
[Date "2008.05.13"]
[Round "5"]
[White "Koch, Elisabeth"]
[Black "Wanner, Lukas"]
[Result "0-1"]
[Termination "normal"]
[Board "34"]
[WhiteElo "1097"]
[BlackElo "1001"]
[PlyCount "74"]
[WhiteFideId "24695068"]
[BlackFideId "12918148"]
[EventCountry "GER"]
[EventRounds "11"]
[EventType "swiss"]
[EventDate "2008.05.10"]

1. e4 e5 2. Nf3 Nc6 3. Bc4 Be7 4. O-O Nf6 5. d3 d6 6. h3 Be6 7. Bb3 O-O 8. Be3
d5 9. Nc3 d4 10. Bd2 dxc3 11. Bxc3 Bxb3 12. axb3 Bd6 13. d4 Nxe4 14. Re1 Nxc3
15. bxc3 exd4 16. cxd4 Bb4 17. Re4 Re8 18. Rg4 Bc3 19. Ra4 Qf6 20. Qd3 Ba5 21.
d5 Nb4 22. Qb5 b6 23. Raxb4 Bxb4 24. Qxb4 Qa1+ 25. Kh2 Qb2 26. Qf4 Qxc2 27. Ng5
Rf8 28. Ne4 f5 29. Qh6 fxg4 30. Qe6+ Kh8 31. Ng5 Qg6 32. h4 Qxe6 33. Nxe6 Rf5
34. Nxc7 Rd8 35. Nb5 Rdxd5 36. Nxa7 Rxf2 37. Nc6 Rdd2 0-1

[Event "DEM U10/U10w 2008"]
[Site "Willingen GER"]
[Date "2008.05.13"]
[Round "5"]
[White "Hälterlein, Anna"]
[Black "Böhme, Mathis"]
[Result "1-0"]
[Termination "normal"]
[Board "35"]
[WhiteElo "841"]
[BlackElo "1019"]
[PlyCount "138"]
[BlackFideId "12900443"]
[EventCountry "GER"]
[EventRounds "11"]
[EventType "swiss"]
[EventDate "2008.05.10"]

1. d4 Nf6 2. c4 e5 3. Nf3 exd4 4. Nxd4 Bc5 5. e3 O-O 6. Nc3 Re8 7. Nf3 Nc6 8.
Bd3 d6 9. O-O Ne5 10. Bc2 Nxc4 11. Re1 Ne5 12. e4 Nfg4 13. Be3 Nxe3 14. fxe3
Ng4 15. Nd4 Qg5 16. Qf3 Qe5 17. h3 Bxd4 18. exd4 Qxd4+ 19. Kh1 Ne5 20. Qg3 Qd2
21. Rac1 Qh6 22. Nd5 Qg6 23. Qxg6 Nxg6 24. Nxc7 Be6 25. Nxa8 Rxa8 26. a3 Nf4
27. e5 dxe5 28. Rxe5 Rc8 29. Ree1 g6 30. Be4 Rd8 31. Red1 Rb8 32. Rc7 Bc8 33.
Rf1 Nh5 34. Kh2 f5 35. Bd5+ Kf8 36. Re1 Nf6 37. Bc4 b5 38. Bb3 a6 39. Rd1 Nd7
40. Rdxd7 Bxd7 41. Rxd7 h5 42. Bf7 Rb6 43. Kg3 Rf6 44. Bd5 Ke8 45. Rb7 Rd6 46.
Bf3 g5 47. Bxh5+ Kd8 48. Rg7 f4+ 49. Kg4 Rd2 50. Rxg5 Rxg2+ 51. Kxf4 Rxb2 52.
Rg6 a5 53. Ke5 Re2+ 54. Bxe2 b4 55. axb4 a4 56. Kd6 Ke8 57. Bb5+ Kf7 58. Rg1 a3
59. h4 a2 60. h5 a1=Q 61. Rxa1 Kg7 62. Bd3 Kh6 63. b5 Kg7 64. Kc7 Kf7 65. b6
Ke6 66. b7 Kd5 67. b8=Q Kd4 68. Qd8+ Kc5 69. Rc1+ Kb4 1-0

[Event "DEM U10/U10w 2008"]
[Site "Willingen GER"]
[Date "2008.05.13"]
[Round "5"]
[White "Mann, Jonas"]
[Black "Schwarz, Larissa"]
[Result "1-0"]
[Termination "normal"]
[Board "36"]
[WhiteElo "1081"]
[BlackElo "898"]
[PlyCount "79"]
[WhiteFideId "12900214"]
[BlackFideId "24699004"]
[EventCountry "GER"]
[EventRounds "11"]
[EventType "swiss"]
[EventDate "2008.05.10"]

1. e4 c5 2. Nc3 a6 3. f4 b5 4. Nf3 Bb7 5. d3 e6 6. Be2 d5 7. exd5 exd5 8. d4
Nf6 9. O-O Qc7 10. Qe1 Be7 11. Kh1 O-O 12. Qg3 Re8 13. Bd3 c4 14. Bf5 Bc8 15.
Bxc8 Qxc8 16. Bd2 Qg4 17. Qxg4 Nxg4 18. Nxd5 Nc6 19. Nc7 Bf6 20. Nxa8 Rxa8 21.
h3 Nh6 22. c3 Nf5 23. Rad1 Ng3+ 24. Kg1 Nxf1 25. Kxf1 Rd8 26. Be3 Ne7 27. g4
Nd5 28. Bg1 Re8 29. f5 h6 30. Re1 Rxe1+ 31. Kxe1 Kf8 32. Ne5 Bg5 33. Kd1 f6 34.
Nf3 Bf4 35. Nh4 Ke7 36. Ng6+ Kd6 37. Nxf4 Nxf4 38. Bh2 Kd5 39. Bxf4 Ke4 40. Bd6
1-0

[Event "DEM U10/U10w 2008"]
[Site "Willingen GER"]
[Date "2008.05.13"]
[Round "5"]
[White "Hösch, Peter"]
[Black "Truong, Van Trang"]
[Result "1/2-1/2"]
[Termination "normal"]
[Board "37"]
[WhiteElo "1340"]
[BlackElo "950"]
[PlyCount "118"]
[EventCountry "GER"]
[EventRounds "11"]
[EventType "swiss"]
[EventDate "2008.05.10"]

1. e4 e5 2. Nf3 Nc6 3. Bb5 Nf6 4. O-O Nxe4 5. Re1 d5 6. Nxe5 Bd7 7. d3 Nxe5 8.
Bxd7+ Qxd7 9. dxe4 dxe4 10. Qxd7+ Nxd7 11. Rxe4+ Be7 12. h3 Nc5 13. Rc4 Ne6 14.
Nc3 O-O-O 15. Be3 a6 16. Rd1 Bf6 17. Rxd8+ Rxd8 18. b3 Rd6 19. Ne4 Rd1+ 20. Kh2
Be5+ 21. g3 Rc1 22. Nc5 Nxc5 23. Rxc5 Bd6 24. Rf5 f6 25. c4 Ra1 26. a4 Rb1 27.
c5 Be7 28. Rf4 Rxb3 29. Rd4 Bxc5 30. Re4 Bxe3 31. fxe3 Rb2+ 32. Kg1 Re2 33. Kf1
Ra2 34. Re8+ Kd7 35. Rb8 Rxa4 36. Rxb7 Ra1+ 37. Kf2 a5 38. Ra7 Kd6 39. Kf3 c5
40. Ra6+ Ke5 41. Rb6 Rf1+ 42. Kg4 h6 43. Rb5 Rd1 44. Rxa5 Rd5 45. Ra7 f5+ 46.
Kf3 Kf6 47. Rc7 Ke6 48. Rxg7 Kf6 49. Rc7 Kg5 50. h4+ Kh5 51. Kf4 Kg6 52. Rc6+
Kg7 53. e4 fxe4 54. Kxe4 Rh5 55. Kf4 Rd5 56. Kg4 Rd4+ 57. Kf5 c4 58. Ke5 Rg4
59. Rc7+ Kg6 1/2-1/2

[Event "DEM U10/U10w 2008"]
[Site "Willingen GER"]
[Date "2008.05.13"]
[Round "5"]
[White "Buttgereit, Vincent"]
[Black "Damm, Nils"]
[Result "0-1"]
[Termination "normal"]
[Board "38"]
[WhiteElo "928"]
[BlackElo "1109"]
[PlyCount "78"]
[BlackFideId "24693065"]
[EventCountry "GER"]
[EventRounds "11"]
[EventType "swiss"]
[EventDate "2008.05.10"]

1. e4 e5 2. Nf3 Nc6 3. Bc4 Nf6 4. Ng5 d5 5. exd5 b5 6. dxc6 bxc4 7. Nc3 Bg4 8.
Nf3 e4 9. Qe2 Qe7 10. d3 exf3 11. Qxe7+ Bxe7 12. gxf3 Bxf3 13. Rg1 cxd3 14. Rg3
Bxc6 15. Rxd3 Ne4 16. Nxe4 Bxe4 17. Re3 Bxc2 18. Bd2 Rd8 19. Bb4 Rd7 20. Rc1
Ba4 21. b3 Bb5 22. Rd1 Rxd1+ 23. Kxd1 O-O 24. Rxe7 Re8 25. Rxc7 a6 26. a4 Be2+
27. Kc1 h6 28. Ra7 Rb8 29. Bd6 Rxb3 30. Ra8+ Kh7 31. Rf8 Bc4 32. Be5 Ra3 33. f4
Rxa4 34. f5 Ra5 35. Re8 f6 36. Bc3 Rxf5 37. Ra8 Rf2 38. h4 Bd3 39. Rd8 Rc2+ 0-1

[Event "DEM U10/U10w 2008"]
[Site "Willingen GER"]
[Date "2008.05.13"]
[Round "5"]
[White "Oelfke, Nils Lukas"]
[Black "Hartge, Gedeon"]
[Result "1/2-1/2"]
[Termination "normal"]
[Board "39"]
[WhiteElo "921"]
[BlackElo "1064"]
[PlyCount "32"]
[BlackFideId "12932116"]
[EventCountry "GER"]
[EventRounds "11"]
[EventType "swiss"]
[EventDate "2008.05.10"]

1. e4 c5 2. c3 e6 3. d4 cxd4 4. cxd4 d5 5. Bb5+ Bd7 6. Bxd7+ Nxd7 7. exd5 exd5
8. Qb3 Nb6 9. Nf3 Nf6 10. O-O Be7 11. Nc3 O-O 12. Re1 Rc8 13. Qc2 Ne4 14. Qd3
Nxc3 15. Qxc3 h6 16. Ne5 Bd6 1/2-1/2

[Event "DEM U10/U10w 2008"]
[Site "Willingen GER"]
[Date "2008.05.13"]
[Round "5"]
[White "Falk, Frederike"]
[Black "Baberz, Alexander"]
[Result "0-1"]
[Termination "normal"]
[Board "41"]
[WhiteElo "918"]
[BlackElo "984"]
[PlyCount "120"]
[BlackFideId "12921734"]
[EventCountry "GER"]
[EventRounds "11"]
[EventType "swiss"]
[EventDate "2008.05.10"]

1. e4 c5 2. Nf3 d6 3. Bb5+ Bd7 4. Bxd7+ Qxd7 5. d3 Nf6 6. Bg5 Nc6 7. Nbd2 h6 8.
Bxf6 exf6 9. Qe2 Ne5 10. Nxe5 fxe5 11. Qf3 Be7 12. Qg3 O-O 13. Qh3 Rad8 14.
Qxd7 Rxd7 15. g3 Bg5 16. Ke2 Bxd2 17. Kxd2 d5 18. exd5 Rxd5 19. Ke3 Rfd8 20. c4
Rxd3+ 21. Ke2 Rd2+ 22. Kf3 R8d3+ 23. Kg2 Rxb2 24. Rhe1 f6 25. Red1 Rxd1 26.
Rxd1 Rxa2 27. Rd5 b6 28. Rd8+ Kh7 29. Kf3 Rc2 30. Ra8 Rxc4 31. Rxa7 e4+ 32. Kf4
b5 33. Kf5 b4 34. Rb7 Rc2 35. Kxe4 Rxf2 36. h4 Kg6 37. Ke3 Rf5 38. g4 Re5+ 39.
Kf4 Rd5 40. h5+ Kh7 41. Ke4 Rd4+ 42. Kf5 Rd3 43. Rc7 Rc3 44. Ke6 b3 45. Kf7 b2
46. Rb7 Rg3 47. Rxb2 Rxg4 48. Rc2 Rg5 49. Rh2 c4 50. Rc2 Rc5 51. Ke6 c3 52. Kd6
Rxh5 53. Rxc3 Re5 54. Rf3 h5 55. Kd7 f5 56. Kd6 Ra5 57. Ke6 Kh6 58. Kf7 Kh7 59.
Rh3 f4 60. Rf3 Rf5+ 0-1

[Event "DEM U10/U10w 2008"]
[Site "Willingen GER"]
[Date "2008.05.13"]
[Round "5"]
[White "Döpper, Anna Berenice"]
[Black "Boes, Julian"]
[Result "0-1"]
[Termination "normal"]
[Board "42"]
[WhiteElo "858"]
[BlackElo "966"]
[PlyCount "124"]
[WhiteFideId "1271853"]
[BlackFideId "12907723"]
[EventCountry "GER"]
[EventRounds "11"]
[EventType "swiss"]
[EventDate "2008.05.10"]

1. e4 e5 2. d4 exd4 3. Nf3 Nc6 4. Bc4 h6 5. O-O Bc5 6. c3 dxc3 7. Nxc3 d6 8.
Qd5 Qe7 9. Re1 Nf6 10. Qd1 O-O 11. Bf4 Bg4 12. h3 Bh5 13. a3 Nd4 14. b4 Nxf3+
15. gxf3 Bb6 16. a4 a6 17. a5 Ba7 18. e5 dxe5 19. Bxe5 Qd8 20. Bg3 Qxd1 21.
Raxd1 Bxf3 22. Rd3 Bc6 23. Bxc7 Rfe8 24. Red1 Rac8 25. Bb6 Bxb6 26. axb6 g6 27.
Rd6 Kg7 28. Ne2 Bf3 29. Re1 Rxc4 30. Rd2 Bxe2 31. Rdxe2 Rxe2 32. Rxe2 Rxb4 33.
Ra2 Rxb6 34. Kg2 g5 35. f3 h5 36. Ra5 Rb5 37. Ra1 g4 38. hxg4 hxg4 39. fxg4
Nxg4 40. Kg3 Ne5 41. Rg1 Ng6 42. Kf3 a5 43. Ra1 f5 44. Ra4 f4 45. Ke2 b6 46.
Kf3 Rb3+ 47. Kg4 Rg3+ 48. Kf5 f3 49. Ke4 Rg4+ 50. Kxf3 Rxa4 51. Ke2 Rf4 52. Kd3
Kf6 53. Kc3 Ke5 54. Kc2 a4 55. Kc3 Rh4 56. Kb2 Rh3 57. Ka2 a3 58. Kb1 Rh2 59.
Ka1 Kd4 60. Kb1 Kc3 61. Ka1 Kb3 62. Kb1 Rh1# 0-1

[Event "DEM U10/U10w 2008"]
[Site "Willingen GER"]
[Date "2008.05.13"]
[Round "5"]
[White "Moses, Selina"]
[Black "Wagner, Swenja"]
[Result "1-0"]
[Termination "normal"]
[Board "43"]
[WhiteElo "954"]
[BlackElo "832"]
[PlyCount "147"]
[WhiteFideId "12908070"]
[BlackFideId "12900494"]
[EventCountry "GER"]
[EventRounds "11"]
[EventType "swiss"]
[EventDate "2008.05.10"]

1. e4 e5 2. Nf3 Nc6 3. Bc4 Bc5 4. Nc3 Nf6 5. d3 d6 6. h3 h6 7. Be3 Bxe3 8. fxe3
Be6 9. Bb3 Bxb3 10. axb3 Qd7 11. O-O O-O-O 12. Nb5 a6 13. Nc3 d5 14. exd5 Nxd5
15. Nxd5 Qxd5 16. e4 Qc5+ 17. Kh1 f6 18. Nh4 Nd4 19. Qg4+ Rd7 20. c3 Nc2 21.
Rac1 Ne3 22. b4 Qd6 23. Nf5 Nxg4 24. Nxd6+ Rxd6 25. hxg4 Rxd3 26. Ra1 Rd2 27.
b5 Rxb2 28. bxa6 bxa6 29. Rxa6 Rd8 30. Rfa1 Rdd2 31. Ra8+ Rb8 32. R1a6 Rd1+ 33.
Kh2 Rxa8 34. Rxa8+ Kb7 35. Rg8 Rc1 36. Rxg7 Rxc3 37. Rg6 Rc4 38. Rxh6 Rxe4 39.
Rxf6 Rxg4 40. Re6 Rh4+ 41. Kg3 Ra4 42. Rxe5 Ra3+ 43. Kf4 Kb6 44. Re6+ c6 45. g4
Ra4+ 46. Kf5 Ra5+ 47. Kf6 Kc7 48. g5 Rxg5 49. Kxg5 c5 50. Re1 c4 51. Kf4 Kc6
52. Ke4 Kc5 53. Ke5 Kb4 54. Kd4 Kb3 55. Rc1 c3 56. Rxc3+ Kb4 57. Rc8 Kb5 58.
Kd5 Kb6 59. Kd6 Kb5 60. Rc1 Kb4 61. Kd5 Kb3 62. Rc8 Kb4 63. Rc7 Kb3 64. Kd4 Kb2
65. Kd3 Kb1 66. Kd2 Kb2 67. Rb7+ Ka3 68. Kc3 Ka4 69. Rb1 Ka5 70. Kc4 Ka6 71.
Kc5 Ka7 72. Kc6 Ka8 73. Kc7 Ka7 74. Ra1# 1-0

[Event "DEM U10/U10w 2008"]
[Site "Willingen GER"]
[Date "2008.05.13"]
[Round "5"]
[White "Sadjjadi, Anahita"]
[Black "Müller, Max"]
[Result "1-0"]
[Termination "normal"]
[Board "44"]
[WhiteElo "863"]
[BlackElo "800"]
[PlyCount "145"]
[BlackFideId "12900486"]
[EventCountry "GER"]
[EventRounds "11"]
[EventType "swiss"]
[EventDate "2008.05.10"]

1. e4 e5 2. Nc3 Nf6 3. Nf3 Nc6 4. Bb5 d6 5. h3 g6 6. d3 Bg7 7. Bg5 O-O 8. O-O
a6 9. Ba4 b5 10. Bb3 Ne7 11. Qd2 Bb7 12. Bh6 Bxh6 13. Qxh6 d5 14. Qg5 Nd7 15.
Qh6 f6 16. exd5 b4 17. d6+ Kh8 18. dxe7 Qxe7 19. Nd5 Bxd5 20. Bxd5 Rad8 21. Nh4
Qg7 22. Qxg7+ Kxg7 23. c3 bxc3 24. bxc3 Nc5 25. d4 exd4 26. cxd4 Rxd5 27. dxc5
Rxc5 28. Nf3 Rc8 29. Nd4 Re5 30. Rfe1 Rxe1+ 31. Rxe1 c5 32. Ne6+ Kh6 33. g4 c4
34. h4 g5 35. hxg5+ fxg5 36. f4 gxf4 37. Nxf4 c3 38. Rc1 Rc4 39. Nd5 c2 40. Ne3
Rc3 41. Nxc2 Rg3+ 42. Kf2 Rxg4 43. Ne3 Ra4 44. Rh1+ Kg6 45. Ra1 h5 46. Ng2 Kg5
47. Kg3 h4+ 48. Kh2 Kg4 49. Ne3+ Kf3 50. Nd5 Rg4 51. Kh3 a5 52. Ne7 a4 53. Nc6
a3 54. Ne5+ Kf4 55. Nxg4 Ke4 56. Kxh4 Kd3 57. Rb1 Kc2 58. Rb8 Kc3 59. Rb3+ Kc2
60. Rxa3 Kb2 61. Ra8 Kc3 62. Rb8 Kc4 63. a4 Kc5 64. a5 Kc6 65. a6 Kc7 66. Rb1
Kc6 67. a7 Kc7 68. a8=Q Kd6 69. Qe4 Kc5 70. Rd1 Kb6 71. Qc2 Kb5 72. Rb1+ Ka5
73. Qa2# 1-0

[Event "DEM U10/U10w 2008"]
[Site "Willingen GER"]
[Date "2008.05.14"]
[Round "6"]
[White "Bluhm, Sonja Maria"]
[Black "Schröder, Jan-Christian"]
[Result "1/2-1/2"]
[Termination "normal"]
[Board "1"]
[WhiteElo "1520"]
[BlackElo "1477"]
[PlyCount "67"]
[WhiteFideId "24654027"]
[BlackFideId "24662259"]
[EventCountry "GER"]
[EventRounds "11"]
[EventType "swiss"]
[EventDate "2008.05.10"]

1. e4 e5 2. Nf3 Nc6 3. Bc4 Bc5 4. c3 Nf6 5. d3 d6 6. Bb3 Bg4 7. Nbd2 Qd7 8. h3
Bh5 9. Nf1 d5 10. Qe2 d4 11. Bc2 h6 12. Ng3 Bg6 13. Bd2 O-O 14. O-O Rad8 15.
Rad1 Nh5 16. c4 Nxg3 17. fxg3 Nb4 18. Bb3 Nc6 19. Kh1 Bh7 20. g4 Bb4 21. Bc1
Na5 22. Qc2 Nxb3 23. Qxb3 c5 24. Qc2 b5 25. cxb5 Qxb5 26. a3 Ba5 27. a4 Qb6 28.
g5 h5 29. Qc4 Bb4 30. Nh4 Qe6 31. Qc2 f5 32. exf5 Bxf5 33. Nxf5 Rxf5 34. Qe2
1/2-1/2

[Event "DEM U10/U10w 2008"]
[Site "Willingen GER"]
[Date "2008.05.14"]
[Round "6"]
[White "Sawlin, Leonid"]
[Black "Wolff, Christopher"]
[Result "1-0"]
[Termination "normal"]
[Board "2"]
[WhiteElo "1431"]
[BlackElo "1373"]
[PlyCount "87"]
[WhiteFideId "4689542"]
[EventCountry "GER"]
[EventRounds "11"]
[EventType "swiss"]
[EventDate "2008.05.10"]

1. e4 c5 2. Nf3 d6 3. d4 cxd4 4. Nxd4 Nf6 5. Nc3 g6 6. Be3 Bg7 7. f3 Nc6 8. Bc4
O-O 9. Bb3 Bd7 10. Qd2 Qa5 11. O-O-O Rfc8 12. g4 Ne5 13. h4 Nc4 14. Bxc4 Rxc4
15. Kb1 Rac8 16. h5 Qb4 17. Nb3 Rxc3 18. bxc3 Qxc3 19. Qxc3 Rxc3 20. Rd3 Rc4
21. Bxa7 Bc6 22. h6 Bh8 23. Re1 Nd7 24. Bd4 Bxd4 25. Nxd4 Ne5 26. Ra3 f5 27.
Nxc6 bxc6 28. exf5 Kf7 29. fxg6+ Kxg6 30. Rh1 Nf7 31. Ra7 e5 32. a4 Rf4 33. Rh3
Ng5 34. Rg7+ Kf6 35. Rh5 Nxf3 36. Rxh7 e4 37. Rf7+ Kxf7 38. h7 Nd2+ 39. Ka2 e3
40. h8=Q Rxa4+ 41. Kb2 Rb4+ 42. Ka3 c5 43. Rf5+ Ke7 44. Qg7+ 1-0

[Event "DEM U10/U10w 2008"]
[Site "Willingen GER"]
[Date "2008.05.14"]
[Round "6"]
[White "Grigorian, Spartak"]
[Black "Donchenko, Alexander"]
[Result "1-0"]
[Termination "normal"]
[Board "3"]
[WhiteElo "1795"]
[BlackElo "1814"]
[PlyCount "157"]
[WhiteFideId "24661490"]
[BlackFideId "24603295"]
[EventCountry "GER"]
[EventRounds "11"]
[EventType "swiss"]
[EventDate "2008.05.10"]

1. e4 c5 2. Nf3 e6 3. d4 cxd4 4. Nxd4 Nf6 5. Nc3 a6 6. Bd3 Nc6 7. Nxc6 dxc6 8.
O-O e5 9. Qe2 Be6 10. Rd1 Qc7 11. Be3 Ng4 12. Bg5 Bc5 13. Bh4 b5 14. h3 Nf6 15.
Qf3 Nd7 16. Ne2 O-O 17. Ng3 g6 18. Bg5 Kg7 19. h4 h5 20. Qe2 Bg4 21. Qd2 Bxd1
22. Bh6+ Kg8 23. Rxd1 Be7 24. Bxf8 Nxf8 25. Be2 Rd8 26. Qe3 Rxd1+ 27. Bxd1 Bxh4
28. Nf1 Ne6 29. g3 Bg5 30. Qd3 Nc5 31. Qf3 Qd6 32. Be2 Qd4 33. c3 Qa4 34. b4
Ne6 35. Bd1 Qxa2 36. Qd3 h4 37. Qd6 Qa1 38. Bg4 hxg3 39. Bxe6 gxf2+ 40. Kg2
fxe6 41. Qxe6+ Kf8 42. Qxg6 Qc1 43. Qxc6 Qf4 44. Qc8+ Kf7 45. Qb7+ Be7 46. Qd5+
Kg7 47. Qd3 Kg6 48. Qe2 Bh4 49. Qf3 Kg5 50. Ne3 f1=Q+ 51. Nxf1 Qxf3+ 52. Kxf3
Be1 53. Ne3 a5 54. bxa5 Bxc3 55. a6 Bd4 56. Nd5 Kh4 57. Nb4 Kg5 58. Nc6 Bc5 59.
a7 Bxa7 60. Nxa7 b4 61. Nb5 b3 62. Nc3 Kh4 63. Ke3 Kg4 64. Kd2 Kf3 65. Kc1 Ke3
66. Kb2 Kd4 67. Kxb3 Kd3 68. Kb4 Kd4 69. Kb5 Kxc3 70. Kc5 Kd3 71. Kd5 Kc3 72.
Kxe5 Kc4 73. Kf6 Kc5 74. e5 Kc6 75. e6 Kc7 76. e7 Kd6 77. Kf7 Ke5 78. e8=Q+ Kd4
79. Kf6 1-0